LEADER 00401nab a2200133 i 4500 001 000000312303 003 CaOOAMICUS 005 20180831173049.0 008 180831n xx uu u0 0und r 013 $a21395 040 $aSeMil$bita 245 10$aDocumenti, Note e Discussioni. 773 0 $t[Settembre-Dicembre].$g144-151, 271-27$w()274207 996 $6245$aDocumenti, Note e Discussioni$9(OLS)http://semarc/title/386651 LEADER 00928nam a2200217 i 4500 001 000000159069 003 CaOOAMICUS 005 20240516122251.0 008 110418s19uu it u000 u ita u 013 $a136432 040 $aSeMil$bita 245 12$aL'educazione e l'avvenire della religione :$bdiscorso di Mons. Spalding Vescovo di Peoria (Illinois) tenuto al Geł in Roma. 260 $a[S.l. :$bs.n.,$c19-?] 300 $aP. 771-797 ;$c23 cm. 500 $aEstratto da «La rassegna nazionale», vol. 116. 773 0 $t[Miscellanea.$w()24786 850 $aSeMil 852 $aSeMil$W1$xVenegono$y1$m5B II 2/31 FA$j248212$B110654$CSeMilBibl$Z2$F120283 $8L 996 $6245$aL'educazione e l'avvenire della religione :$bdiscorso di Mons. Spalding Vescovo di Peoria (Illinois) tenuto al Geł in Roma$9(OLS)http://semarc/title/140854 996 $6260$a[S.l. :$bs.n.$9(OLS)http://semarc/publisher/31686